| 000 | 00384nam a22001571a 4500 | ||
|---|---|---|---|
| 020 | _a9788181110442 | ||
| 082 |
_aH300 9 _bJAY/K |
||
| 100 | _aJaya K P | ||
| 245 |
_aKathakar Kamaleshwar/ _cby Jaya K P |
||
| 260 |
_aMathura: _bJawahar Pustakalaya, _c2008. |
||
| 300 | _a304p. | ||
| 650 | _aNovel Hindi Criticism | ||
| 650 | _aLiterature Hindi | ||
| 650 | _aLiterature | ||
| 942 | _cBK | ||
| 999 |
_c23268 _d23268 |
||